000 00626nam a2200193 i 4500
001 43820
003 ES-MaACL
005 20250903084237.0
007 t|
008 030318s1893 sp ||||1| spa d
245 0 0 _aCatálogo de libros de literatura antiguos y modernos que se hallan de venta en la librería de Gabriel Sánchez.
260 _aMadrid :
_bLibrería de Gabriel Sánchez,
_c1893.
300 _a62 p. ;
_c21 cm.
650 7 _aCatálogos de editores-
_yS.XIX
_2
_9169796
710 2 _aLibrería de Gabriel Sánchez.
_95514
852 _aES-MaACL
_jT-966-F-13
942 _2udc
999 _c43820
_d43820